| 000 | 00601nam a22002053a 4500 | ||
|---|---|---|---|
| 005 | 20240925064932.0 | ||
| 008 | 010522s1997 mx fr 000 0 spa d | ||
| 020 | _a9507013881 | ||
| 035 | _aUPN01000106598 | ||
| 049 | _aCG | ||
| 050 | 4 |
_aLB1065 _bH8.5 |
|
| 100 | 1 | _aHuertas, Juan Antonio | |
| 245 | 1 | 0 |
_aMotivación : _bquerer aprender / _cJuan Antonio Huertas. |
| 260 |
_aBuenos Aires : _bAique, _c[1997]. |
||
| 300 | _a412 p. | ||
| 440 | 0 | _aPsicología cognitiva y educación | |
| 650 | 2 |
_aMotivación para el aprendizaje _94875 |
|
| 650 | 4 |
_aPsicología del aprendizaje _95221 |
|
| 905 | _aLibro | ||
| 999 |
_c80510 _d80510 |
||